Khi phái đẹp lên ngôi 30 gương mặt phụ nữ Singapore tiêu biểu

Сохранить в:
Библиографические подробности
Формат:
Опубликовано: 2007
Метки: Добавить метку
Нет меток, Требуется 1-ая метка записи!
Thư viện lưu trữ: Mạng thư viện Đại học Đà Nẵng
LEADER 00509nam a22001811a 4500
001 000039458
003 15753
005 20160412022008.0
008 160412s2007 000
082 |a 4V(TK), 1519 
245 |a Khi phái đẹp lên ngôi 30 gương mặt phụ nữ Singapore tiêu biểu  |c Trương Hy Na, Thùy Dung dịch 
260 |c 2007 
OWN |a LNN 
999 |a From the UDN01 
TYP |a Monograph 
980 |a Mạng thư viện Đại học Đà Nẵng